| 000 | 01517cam a22003737a 4500 | ||
|---|---|---|---|
| 003 | CHAP | ||
| 005 | 20220329142946.0 | ||
| 008 | 050422d2003 id d r 00110 eng d | ||
| 010 | _a90156 | ||
| 011 | _a91128 | ||
| 020 | _a979931738X | ||
| 035 | _a101686 | ||
| 040 | _cCHAP | ||
| 082 | 0 | 4 |
_a338.17318 _bB6 |
| 100 | 0 | 0 |
_aBourgeóis, Robin _e, ed. _914775 |
| 245 | 1 | 0 |
_aDomestic supply and consumption patterns of coarse grains, pulses, roots and tuber crops in Asia and the Pacific _c/ed. by Robin Bourgeois and Yannick Balerin |
| 260 |
_aBogor, Ind. : _bRegional Co-ordination Centre for Research and Development of Coarse Grains, Pulses, Roots and Tuber Crops in the Humid Tropics of Asia and the Pacific (CGPRT Centre), _c2003 |
||
| 300 |
_a90 p. : _bgráfs. ; tablas ; diagramas |
||
| 490 | 0 |
_aCGPRT Centre. Monograph _v; No. 45 |
|
| 590 |
_aBATCH-UPD _b10 _c20130110 _lUCH01 _h0501 |
||
| 590 |
_aBATCH-UPD _b10 _c20130110 _lUCH01 _h2249 |
||
| 590 |
_aBATCH-UPD _b10 _c20130410 _lUCH01 _h0139 |
||
| 590 |
_aBATCH-UPD _b10 _c20130410 _lUCH01 _h1542 |
||
| 590 |
_aBATCH-UPD _b10 _c20130914 _lUCH01 _h0527 |
||
| 590 |
_aCONVERSION _b10 _c20130109 _lUCH01 _h1350 |
||
| 650 | 1 | 4 |
_aCereales _xAbastecimiento. _921371 |
| 650 | 1 | 4 |
_aTubérculos y cultivos de raíz. _9115479 |
| 700 | 0 |
_aBalerin, Yannick _e, ed. _99687 |
|
| 830 | 0 | 0 |
_aCGPRT Centre. Monograph _v; No. 45 _921668 |
| 901 | _aBK | ||
| 905 | _aMarco A. Mendoza T. | ||
| 942 | _cLIBRO | ||
| 949 |
_a338.17318 B6 _bBC _cLIBRO _d33724000954533 _eLIBRO _h105508 _i101686 _sb |
||
| 999 |
_c90156 _d90156 |
||